000 00738nam a22002297a 4500
999 _c9692
_d9692
003 AR-CdUCM
008 190328b ||||| |||| 00| 0 spa d
040 _aMUNICIPALIDAD PROVINCIAL DEL CUSCO
_cBIBLIOTECA MUNICIPAL DEL CUSCO
082 _a869.505 /
_bL26E / 1938
100 _aLlona Gastañeta, Teresa María
_926059
245 _aEncrucijada /
260 _aLima :
_bEdit. Rímac,
_c1938.
300 _a162 páginas ;
_c19 cm.
500 _aCon dedicatoria a Luis Nieto -- Donación de la familia Nieto
505 _aContenido : Poesía
650 _aPoesía peruana
_911982
650 _aSiglo XX
_98
650 _aLiteratura
_9416
700 _aprólogo por Gabriela Mistral
_926060
942 _2ddc
_cLIBROS
945 _admma